| 000 | 00487nam a2200193Ia 4500 | ||
|---|---|---|---|
| 008 | 180207s9999 xx 000 0 und d | ||
| 020 | _a9780817282271 | ||
| 050 | _bS221 1999 | ||
| 100 | _aSands, Kay | ||
| 245 | _aCat prints / | ||
| 245 | _cby Kay Sands ; illustrated by Shelton Leong. | ||
| 260 | _aAustin, Texas : | ||
| 260 | _bSteck-Vaughn Company, | ||
| 260 | _c1999 | ||
| 300 | _a8 pages : | ||
| 300 | _bchiefly colored ; | ||
| 300 | _c21cm. | ||
| 440 | _aPair-it books. | ||
| 999 |
_c355741 _d355741 |
||